00439nam a2200145Ia 450000500170000000800410001702000180005808200260007610000620010224500320016426000410019630000150023744000090025265000320026120240626141416.0240126s9999 xx 000 0 und d a9788126528394 a001.6424OFF WAL;1 R aWalkenbach, John. Tyson, Herb. Groh, Michael R ...[et al] 0aMicrosoft office 2010 bible bJohn wiley and sonsaNew Delhic2010 axlii, 1301 aNULL aMicrosoft,office,2010,bible